000 02842nas a2200397 i 4500
001 254619
005 20251217113522.0
007 ta
008 890206e1982 dr qx p|co || |o001 || |
011 _a
022 _a3060-9879
022 _a3060-9887 en línea.
040 _aDO-SdBNP
_bspa
_cDO-SdBNP
_erda
041 _hspa
110 _aRepública Dominicana. Sociedad Dominicana de Neumología y Cirugía del Tórax (SDNCT)
_988788
245 _aNeumos :
_brevista especializada en vías respiratorias /
_cSociedad Dominicana de Neumología y Cirugía del Tórax (SDNCT).
264 _aSanto Domingo, República Dominicana :
_bSociedad Dominicana de Neumología y Cirugía del Tórax (SDNCT),
_c[1982-].
300 _avolumen :
_bilustraciones, fotografías, gráficas ;
_c23 cm.
310 _aTrimestral.
336 _atexto
_btxt
_2rdacontent
337 _amediación
_bn
_2rdamedia
338 _avolumen
_bnc
_2rdacarrier
362 _aNo. 1, [1982-].
500 _aCatalogación basada en el primer volumen No. 1, [1982-] y a la vez no estaba registrado con ISSN.
500 _aLas primeras publicaciones eran trimestrales.
500 _aResidencia de Neumología del Hospital Dr. Salvador B. Gautier.
500 _aRevista Científica.
520 _aLa Revista Neumos es órgano de divulgación oficial de la Sociedad Dominicana de Neumología y Cirugía del Tórax (SDNCT). Es una publicación semestral, dos veces al año, pudiéndose presentar números extraordinarios o especiales a criterio del Comité Editorial y de Redacción (CER). También será potestad del CER acortar o prolongar los períodos de publicación de la revista si fuese necesario. Los números son publicados en formatos impreso y digital, gratuitos y de acceso abierto. Esta publicación científica prioriza los estudios originales donde se presenten resultados relacionados con distintos aspectos epidemiológicos, fisiopatológicos, clínicos, quirúrgicos y de investigación básica del ámbito respiratorio, tanto nacionales como internacionales. También se publican otro tipo de artículos como revisiones, editoriales, artículos especiales, casos clínicos de inusual interés, normativas y consensos, cartas científicas y cartas al Editor.
650 _949870
_aNeumonía
_vPublicaciones periódicas
_zRepública Dominicana
650 _949871
_aEnfermedades respiratorias
_vPublicaciones periódicas
_zRepública Dominicana
650 0 _aEnfermedades de los pulmones
_918209
_vPublicaciones periódicas
_zRepública Dominicana
650 0 _aAsma
_988791
_xEnfermedades de los pulmones
_vPublicaciones periódicas
_zRepública Dominicana
710 _aHospital Salvador de Gautier.
_bResidencia de Neumología
_988789
856 _uhttps://revista.sdnct.com.do/index.php/neumos/about
942 _cISSUE
_2ddc
999 _c60040
_d60040